Lord of the Rings: Order of Events, Second Age - Statistics

General Stats
  • This quiz has been taken 149 times
  • The average score is 3 of 12
Answer Stats
Hint Explanation Answer % Correct
1. S.A. 32 Númenor is founded
71%
2. S.A. 750 Eregion is founded
53%
4. S.A. 1600 The One Ring is forged
31%
3. S.A.1000 Sauron begins construction of Barad-dûr
29%
12. S.A. 3441 Sauron is defeated and Isildur siezes the One ring
27%
11. S.A. 3319 Númenor is destroyed
24%
10. S.A. 3262 Sauron is brought to Númenor as a prisoner
24%
9. S.A. 3209 Isildur is born
18%
5. S.A. 1693 The War of Elves and Sauron begin
18%
6. S.A. 1701 The first White Council is held
16%
7 S.A. 2251 The Nazgûl appear for the first time
16%
8. S.A.3118 Ar-Pharazôn is born
13%
No matching quizzes found
Score Distribution
Percent of People with Each Score
Percentile by Number Answered
Your Score History
You have not taken this quiz